[Event "SR 2. liga A 2007/2008"]
[Site "?"]
[Date "2007.12.02"]
[Round "6.8"]
[White "Priam, Stefan"]
[Black "Sosovicka, Matej"]
[Result "0-1"]
[WhiteElo "1893"]
[BlackElo "1909"]
[PlyCount "82"]
[EventDate "2007.??.??"]
[WhiteTeam "Slovakia"]
[BlackTeam "Slovakia"]
[WhiteTeamCountry "SVK"]
[BlackTeamCountry "SVK"]

1. d4 d5 2. c4 c6 3. Nc3 Nf6 4. Nf3 e6 5. Bg5 Nbd7 6. e3 Bd6 7. Bd3 dxc4 8.
Bxc4 b5 9. Bd3 Bb7 10. O-O O-O 11. Rc1 Rc8 12. e4 Be7 13. Bb1 h6 14. Bxf6 Nxf6
15. e5 Nd7 16. Re1 Re8 17. Ne4 f5 18. exf6 Nxf6 19. Ne5 Nd5 20. Qh5 Rf8 21. Qg6
Nf4 22. Qg4 h5 23. Qd1 Bg5 24. Rc3 c5 25. Nxg5 Qxg5 26. Rg3 Qh4 27. Qc2 Rf5 28.
Qd2 Rff8 29. dxc5 Rxc5 30. Rxg7+ Kxg7 31. Qd7+ Kf6 32. Qxb7 Rxe5 33. Rxe5 Kxe5
34. Qxb5+ Kf6 35. Qc5 Rd8 36. Qc3+ e5 37. Qc6+ Ne6 38. Qc2 Qg4 39. f3 Qd4+ 40.
Kf1 Qd1+ 41. Kf2 Rd2+ 0-1

[Event "SR 2. liga A 2007/2008"]
[Site "?"]
[Date "2008.01.12"]
[Round "7"]
[White "Antala, Jan"]
[Black "Polacik, Igor"]
[Result "0-1"]
[WhiteElo "1942"]
[BlackElo "2130"]
[PlyCount "132"]
[EventDate "2007.??.??"]
[WhiteTeam "Devinska"]
[BlackTeam "Doprastav C"]

1. e4 e5 2. Nc3 Nf6 3. Nf3 Nc6 4. Bb5 Bb4 5. d3 d6 6. O-O Bxc3 7. bxc3 O-O 8.
Bg5 Qe7 9. Bxc6 bxc6 10. h3 h6 11. Bh4 g5 12. Nxg5 Nxe4 13. Nf3 Ng5 14. Bxg5
hxg5 15. Nd2 Kg7 16. Ne4 Be6 17. Qd2 Kg6 18. f3 Rh8 19. Nf2 Rh4 20. Rfe1 c5 21.
Re4 Rah8 22. Rxh4 Rxh4 23. c4 c6 24. Re1 f6 25. Re4 Rh8 26. Re1 Rb8 27. c3 Rb6
28. Rc1 d5 29. Qe2 Qb7 30. cxd5 cxd5 31. Rc2 a5 32. Rd2 a4 33. d4 exd4 34. cxd4
c4 35. Nd1 Qb8 36. Rb2 Rxb2 37. Qxb2 Qxb2 38. Nxb2 c3 39. Nd3 Bd7 40. a3 Bb5
41. Nc1 Kh5 42. g3 f5 43. g4+ fxg4 44. hxg4+ Kh4 45. Kf2 Kh3 46. Na2 c2 47. Nc1
Bc4 48. f4 Kxg4 49. fxg5 Kxg5 50. Ke3 Kg4 51. Kd2 Kf3 52. Kxc2 Ke4 53. Kc3 Ke3
54. Kc2 Kxd4 55. Kd2 Kc5 56. Kc3 d4+ 57. Kc2 Kd5 58. Kd1 Ke5 59. Ke1 Kf4 60.
Kd1 Ke3 61. Kc2 Be6 62. Kb2 Kd2 63. Ka1 Bd5 64. Kb2 Bc4 65. Kb1 Kc3 66. Ka1 Kc2
0-1

[Event "SR 2. liga A 2007/2008"]
[Site "?"]
[Date "2008.01.12"]
[Round "7"]
[White "Bezuch, Martin"]
[Black "Pacher, Milan"]
[Result "1/2-1/2"]
[WhiteElo "2238"]
[BlackElo "2328"]
[PlyCount "82"]
[EventDate "2007.??.??"]
[WhiteTeam "Devinska"]
[BlackTeam "Doprastav C"]

1. e4 c5 2. Nf3 Nc6 3. d4 cxd4 4. Nxd4 Nf6 5. Nc3 e5 6. Ndb5 d6 7. Bg5 a6 8.
Na3 b5 9. Nd5 Be7 10. Bxf6 Bxf6 11. c3 O-O 12. Nc2 Rb8 13. Bd3 Bg5 14. O-O Ne7
15. Nce3 Be6 16. Bc2 a5 17. Qd3 Bxe3 18. Nxe7+ Qxe7 19. Qxe3 Rfc8 20. Bb3 Bxb3
21. axb3 Qe6 22. Rxa5 Qxb3 23. Qd2 h6 24. Ra6 b4 25. Rxd6 bxc3 26. bxc3 Rxc3
27. h3 Rc2 28. Rd8+ Rxd8 29. Qxd8+ Kh7 30. Qd6 Qb5 31. Qe7 f6 32. Qe6 Qc6 33.
Qf5+ g6 34. Qg4 h5 35. Qf3 Rc4 36. Re1 Kg7 37. Qe3 Rd4 38. Kh2 Qc2 39. Re2 Qc4
40. Rb2 Qc6 41. f3 Qc7 1/2-1/2

[Event "SR 2. liga A 2007/2008"]
[Site "?"]
[Date "2008.01.12"]
[Round "7"]
[White "Kleman, Miroslav"]
[Black "Szollos, Ondrej"]
[Result "1-0"]
[WhiteElo "2097"]
[BlackElo "2111"]
[PlyCount "67"]
[EventDate "2007.??.??"]
[WhiteTeam "Doprastav C"]
[BlackTeam "Devinska"]

1. Nf3 d6 2. b3 e5 3. e4 Nf6 4. d3 Be7 5. Be2 Bg4 6. h3 Bxf3 7. Bxf3 Nbd7 8.
O-O Nf8 9. g3 Ne6 10. Bg2 O-O 11. f4 exf4 12. gxf4 g6 13. f5 Ng7 14. Bh6 c6 15.
Nd2 Nd7 16. fxg6 hxg6 17. Nf3 Ne5 18. Qd2 Kh7 19. d4 Nxf3+ 20. Rxf3 a5 21. Raf1
f6 22. h4 c5 23. d5 c4 24. Bh3 Qb6+ 25. Be3 Qc7 26. Bd4 cxb3 27. cxb3 a4 28.
Bxf6 Bxf6 29. Rxf6 Rxf6 30. Rxf6 Nh5 31. Rxg6 Kxg6 32. Qg5+ Kh7 33. Bf5+ Kh8
34. Qh6+ 1-0

[Event "SR 2. liga A 2007/2008"]
[Site "?"]
[Date "2008.01.12"]
[Round "7"]
[White "Kolesar, Rastislav"]
[Black "Hefka, Vladimir"]
[Result "1-0"]
[WhiteElo "1922"]
[BlackElo "1998"]
[Annotator "Fabry"]
[PlyCount "59"]
[EventDate "2007.??.??"]
[WhiteTeam "Dunajska Streda B"]
[BlackTeam "DP Bratislava"]

1. e4 c5 2. Nf3 d6 3. d4 cxd4 4. Nxd4 Nf6 5. Nc3 a6 6. Be3 e5 7. Nb3 Be7 8. f3
Be6 9. Be2 O-O 10. O-O Nbd7 11. f4 Qc7 12. f5 Bc4 13. g4 d5 14. Nxd5 Nxd5 15.
exd5 Nf6 16. Bxc4 Qxc4 17. Nd2 Qxd5 18. g5 Bc5 19. Bxc5 Qxc5+ 20. Rf2 Nd5 21.
Ne4 Qc6 22. f6 Nf4 23. Qf3 g6 24. Re1 Rfd8 25. Qe3 Rac8 26. Qf3 Qb6 27. Qg3
Rxc2 28. Qh4 Rxf2 29. Nxf2 Rd2 30. Qxf4 1-0

[Event "SR 2. liga A 2007/2008"]
[Site "?"]
[Date "2008.01.12"]
[Round "7"]
[White "Lesny, Stefan"]
[Black "Slapak, Zdenek"]
[Result "1-0"]
[WhiteElo "2114"]
[BlackElo "2172"]
[Annotator "Fabry"]
[PlyCount "62"]
[EventDate "2007.??.??"]
[WhiteTeam "DP Bratislava"]
[BlackTeam "Dunajska Streda B"]

1. e4 c5 2. f4 Nc6 3. Nf3 g6 4. d3 Bg7 5. c3 d6 6. Na3 Nf6 7. Nc2 O-O 8. Ne3 e5
9. fxe5 dxe5 10. Be2 h6 11. O-O Be6 12. c4 b6 13. Bd2 Qd7 14. Bc3 Ng4 15. Qd2
Rae8 16. h3 Nxe3 17. Qxe3 Nd4 18. Bd1 f5 19. b3 f4 20. Qf2 g5 21. Bxd4 exd4 22.
Nh2 Kh7 23. Bh5 Bf7 24. Qf3 Bg6 25. Qg4 Qf7 26. Bxg6+ Qxg6 27. Kf2 h5 28. Qe2
Rf7 29. Ke1 Rfe7 30. Kd2 Bf6 31. Kc2 Rxe4 1-0

[Event "SR 2. liga A 2007/2008"]
[Site "?"]
[Date "2008.01.12"]
[Round "7"]
[White "Lobodas, Andrej"]
[Black "Slovik, Vojtech"]
[Result "1/2-1/2"]
[WhiteElo "1938"]
[BlackElo "2037"]
[PlyCount "50"]
[EventDate "2007.??.??"]
[WhiteTeam "Devinska"]
[BlackTeam "Doprastav C"]

1. e4 e6 2. d4 d5 3. Nd2 Nf6 4. exd5 exd5 5. Ngf3 Bf5 6. Be2 Bd6 7. O-O O-O 8.
Re1 c6 9. Nf1 Qc7 10. Bd3 Bg4 11. Bg5 Nbd7 12. Bh4 Rfe8 13. Rxe8+ Rxe8 14. Bg3
Ne4 15. Bxd6 Qxd6 16. c3 Qf4 17. Qc1 Qxc1 18. Rxc1 Bxf3 19. gxf3 Ng5 20. Kg2
Nf6 21. Ne3 Nh5 22. Bf1 Nf4+ 23. Kg3 Ng6 24. Bd3 Ne6 25. Bxg6 hxg6 1/2-1/2

[Event "SR 2. liga A 2007/2008"]
[Site "?"]
[Date "2008.01.12"]
[Round "7"]
[White "Mikulas, Dusan"]
[Black "Obdrzalkova, Anita"]
[Result "1-0"]
[WhiteElo "2189"]
[BlackElo "2064"]
[Annotator "Fabry"]
[PlyCount "81"]
[EventDate "2007.??.??"]
[WhiteTeam "DP Bratislava"]
[BlackTeam "Dunajska Streda B"]

1. e4 c5 2. Nf3 d6 3. d4 cxd4 4. Nxd4 Nf6 5. Nc3 a6 6. f4 e6 7. Nf3 Qc7 8. Bd3
Be7 9. O-O Nc6 10. Kh1 d5 11. Qe1 Nb4 12. e5 Nxd3 13. cxd3 Nd7 14. d4 b5 15. f5
b4 16. fxe6 fxe6 17. Ne2 O-O 18. Qg3 Rf7 19. Bg5 Nf8 20. Rac1 Qd7 21. Nf4 a5
22. Bxe7 Rxe7 23. Rc5 Ba6 24. Rfc1 Rc8 25. h4 a4 26. b3 axb3 27. axb3 Rxc5 28.
dxc5 d4 29. c6 Qd8 30. Qe1 Rf7 31. Qe4 h6 32. Rd1 g5 33. Rxd4 Qe7 34. Ng6 Qc5
35. Nxf8 Kxf8 36. Qg6 Qxc6 37. Qxh6+ Ke8 38. Qh8+ Rf8 39. Qh5+ Ke7 40. Qxg5+
Kf7 41. Qf6+ 1-0

[Event "SR 2. liga A 2007/2008"]
[Site "?"]
[Date "2008.01.12"]
[Round "7"]
[White "Milanov, Jasen"]
[Black "Csiba, Peter"]
[Result "0-1"]
[WhiteElo "1970"]
[BlackElo "1987"]
[Annotator "Fabry"]
[PlyCount "72"]
[EventDate "2007.??.??"]
[WhiteTeam "DP Bratislava"]
[BlackTeam "Dunajska Streda B"]

1. c4 e5 2. Nc3 Nc6 3. g3 g6 4. Bg2 Bg7 5. d3 d6 6. Nf3 Nge7 7. Rb1 Bd7 8. e3
O-O 9. O-O f5 10. Bd2 Qc8 11. b4 h6 12. h4 f4 13. b5 Nd8 14. e4 Bg4 15. Qe1 g5
16. hxg5 hxg5 17. Nxg5 f3 18. Bh1 Ne6 19. Nd5 Nxd5 20. cxd5 Nd4 21. Ne6 Ne2+
22. Kh2 Qe8 23. Bg5 Qh5+ 24. Bh4 Bf6 25. Bxf3 Bxf3 26. Rg1 Rf7 27. Qd2 Nxg1 28.
Rxg1 Kh8 29. Ng5 Bxg5 30. Qxg5 Qxg5 31. Bxg5 Rh7+ 32. Bh4 Rf8 33. Re1 Kg7 34.
Re3 Kg6 35. Kh3 Bd1 36. g4 Rfh8 0-1

[Event "SR 2. liga A 2007/2008"]
[Site "?"]
[Date "2008.01.12"]
[Round "7"]
[White "Peitl, Tomas"]
[Black "Kolman, Richard"]
[Result "1-0"]
[WhiteElo "2031"]
[BlackElo "2103"]
[Annotator "Fabry"]
[PlyCount "108"]
[EventDate "2007.??.??"]
[WhiteTeam "Dunajska Streda B"]
[BlackTeam "DP Bratislava"]

1. e4 d6 2. d4 Nf6 3. Nc3 c6 4. Nf3 Bg4 5. Bg5 Qa5 6. Bd2 Nbd7 7. Bd3 e5 8. O-O
Bxf3 9. Qxf3 exd4 10. Nb5 Qxd2 11. Nc7+ Kd8 12. Nxa8 Ne5 13. Qh3 Qh6 14. f4
Qxh3 15. gxh3 Nxd3 16. cxd3 Be7 17. Rac1 Kd7 18. Rc4 b5 19. Rc2 Rxa8 20. Kg2
Rc8 21. a4 a6 22. axb5 cxb5 23. Rfc1 Rxc2+ 24. Rxc2 a5 25. Kf3 a4 26. e5 dxe5
27. fxe5 Nd5 28. Ke4 Nb4 29. Rd2 Bc5 30. Rg2 g6 31. Rf2 Ke7 32. Rf1 Na2 33. Kd5
Ba7 34. Kc6 b4 35. Rf2 Nc1 36. Rc2 Nxd3 37. Kb5 Bb8 38. Kxa4 Bxe5 39. Rd2 Nc5+
40. Kxb4 Kd6 41. Kc4 f5 42. b4 Ne4 43. Ra2 Ke6 44. Ra6+ Nd6+ 45. Kd3 f4 46. b5
Kd5 47. Ra5 Nb7 48. Ra7 Nc5+ 49. Kd2 f3 50. Rf7 Ke4 51. b6 Bf4+ 52. Ke1 d3 53.
b7 d2+ 54. Kd1 Nxb7 1-0

[Event "SR 2. liga A 2007/2008"]
[Site "?"]
[Date "2008.01.12"]
[Round "7"]
[White "Petenyi, Tamas"]
[Black "Fabry, Robert"]
[Result "1-0"]
[WhiteElo "2196"]
[BlackElo "2209"]
[Annotator "Fabry"]
[PlyCount "116"]
[EventDate "2007.??.??"]
[WhiteTeam "Dubajska Streda B"]
[BlackTeam "DP Bratislava"]

1. e4 e5 2. Nf3 Nc6 3. Bb5 a6 4. Ba4 Nf6 5. O-O Be7 6. Re1 b5 7. Bb3 O-O 8. h3
d6 9. c3 Na5 10. Bc2 c5 11. d4 Qc7 12. Nbd2 Bb7 13. d5 Bc8 14. Nf1 Re8 15. Ng3
g6 16. Nh2 Bf8 17. Ng4 Bg7 18. Qf3 Nxg4 19. hxg4 f6 20. Nf1 Nb7 21. Ne3 Nd8 22.
g3 Nf7 23. Kg2 Qd7 24. Rh1 a5 25. a4 b4 26. Bd3 Qe7 27. Nc4 Ba6 28. Nxa5 bxc3
29. Nc6 Qd7 30. bxc3 Bxd3 31. Qxd3 Qxg4 32. f3 Qc8 33. Qb5 f5 34. Bd2 fxe4 35.
fxe4 Qg4 36. Rhe1 Nd8 37. Nd4 Rf8 38. Qe2 Qxe2+ 39. Nxe2 Rf7 40. c4 Rb7 41. Ra2
Bf6 42. a5 Ra6 43. Rc1 Nf7 44. Nc3 Ng5 45. Kf2 Rb4 46. Ke3 Rxc4 47. Rb1 Nf7 48.
Nb5 Bd8 49. Kd3 Rd4+ 50. Nxd4 exd4 51. Rb8 Kg7 52. Kc4 Ra7 53. a6 Ne5+ 54. Kb5
Bc7 55. Rb7 Rxb7+ 56. axb7 c4 57. Bf4 Kf6 58. Bxe5+ Kxe5 1-0

[Event "SR 2. liga A 2007/2008"]
[Site "?"]
[Date "2008.01.12"]
[Round "7"]
[White "Schwarz, Dusan"]
[Black "Komora, Andrej"]
[Result "1-0"]
[WhiteElo "2292"]
[BlackElo "2304"]
[PlyCount "75"]
[EventDate "2007.??.??"]
[WhiteTeam "Doprastav C"]
[BlackTeam "Devinska "]

1. d4 Nf6 2. c4 g6 3. Nc3 Bg7 4. e4 d6 5. f3 O-O 6. Nge2 e5 7. Bg5 h6 8. Be3
exd4 9. Nxd4 Nc6 10. Qd2 Nxd4 11. Bxd4 a6 12. Be2 Kh7 13. O-O Ne8 14. Be3 f5
15. Rad1 fxe4 16. fxe4 Rxf1+ 17. Rxf1 Be6 18. Nd5 Nf6 19. Nf4 Bf7 20. Qc2 Qe7
21. Bf3 Re8 22. Re1 Nd7 23. Nd5 Qd8 24. b4 Be5 25. Rd1 c6 26. Nf4 Qf6 27. Ne2
Qe6 28. Rc1 Nf6 29. Nf4 Qd7 30. Nd3 Ng4 31. Bxg4 Qxg4 32. Rf1 Qxe4 33. Rxf7+
Kg8 34. Rf3 Bd4 35. Bxd4 Qxd4+ 36. Kf1 Qa1+ 37. Nc1 Re6 38. g3 1-0

[Event "SR 2. liga A 2007/2008"]
[Site "?"]
[Date "2008.01.12"]
[Round "7"]
[White "Sosovicka, Juraj"]
[Black "Feiler, Peter"]
[Result "1-0"]
[WhiteElo "1902"]
[BlackElo "1898"]
[PlyCount "73"]
[EventDate "2007.??.??"]
[WhiteTeam "Devinska"]
[BlackTeam "Doprastav C"]

1. e4 e6 2. d4 d5 3. Nc3 Nf6 4. Bg5 Be7 5. e5 Nfd7 6. Bxe7 Qxe7 7. Bd3 a6 8.
Qg4 f5 9. exf6 Nxf6 10. Qh4 Rf8 11. Bxh7 Nxh7 12. Qxh7 Qf6 13. Nf3 Nc6 14.
O-O-O Bd7 15. Rhe1 O-O-O 16. Qd3 g5 17. Rd2 g4 18. Ne5 Nxe5 19. Rxe5 Qh4 20.
Qg3 Rh8 21. Qxh4 Rxh4 22. Rg5 Rxh2 23. Rxg4 e5 24. Rg5 exd4 25. Nxd5 Be6 26.
Rxd4 Bxd5 27. Rdxd5 Rxd5 28. Rxd5 Rxg2 29. Rf5 Rg1+ 30. Kd2 Kd7 31. Rf7+ Kd6
32. Kd3 Rd1+ 33. Kc3 Rd5 34. Rf4 Rd1 35. Rd4+ Rxd4 36. Kxd4 Ke6 37. Ke4 1-0

[Event "SR 2. liga A 2007/2008"]
[Site "?"]
[Date "2008.01.12"]
[Round "7"]
[White "Tepper, Frantisek"]
[Black "Varga, David"]
[Result "0-1"]
[WhiteElo "2164"]
[BlackElo "2293"]
[Annotator "Fabry"]
[PlyCount "42"]
[EventDate "2007.??.??"]
[WhiteTeam "DP Bratislava"]
[BlackTeam "Dunajska Streda B"]

1. e4 e6 2. d4 d5 3. exd5 exd5 4. Bd3 c5 5. Qe2+ Be7 6. dxc5 Nf6 7. Nf3 O-O 8.
O-O Bxc5 9. Bg5 Bg4 10. Nbd2 h6 11. Bf4 g5 12. Bg3 Re8 13. Qd1 Nc6 14. c3 Ne4
15. Qc2 f5 16. b4 Bb6 17. b5 Na5 18. Rae1 Qf6 19. Nb3 f4 20. Nfd4 Nxc3 21. Nxa5
Bxa5 0-1

[Event "SR 2. liga A 2007/2008"]
[Site "?"]
[Date "2008.01.12"]
[Round "7"]
[White "Vrba, Michal"]
[Black "Jurcak, Marian"]
[Result "1/2-1/2"]
[WhiteElo "1970"]
[BlackElo "1891"]
[PlyCount "115"]
[EventDate "2007.??.??"]
[WhiteTeam "Doprastav C"]
[BlackTeam "Devinska"]

1. e4 c5 2. c4 Nc6 3. Nc3 Nf6 4. g3 g6 5. Bg2 Bg7 6. Nge2 O-O 7. O-O d6 8. h3
Rb8 9. d3 h6 10. Be3 a6 11. Qd2 Kh7 12. f4 e6 13. Kh2 h5 14. Ng1 Nd4 15. Nce2
e5 16. fxe5 dxe5 17. Nxd4 cxd4 18. Bg5 Qd6 19. c5 Qc6 20. b4 Ng8 21. Qc1 Be6
22. Nf3 Rfc8 23. Bd2 Qb5 24. Qb1 f6 25. a4 Qe8 26. a5 Ne7 27. Rf2 Bd7 28. Bf1
Nc6 29. Ra3 Qe7 30. Rb3 Nd8 31. Rb2 Nf7 32. Qd1 Rg8 33. Nh4 Rbf8 34. Bc1 Ng5
35. Nf3 Bh6 36. Nxg5+ fxg5 37. g4 Qe6 38. Kg3 Rf4 39. Bxf4 gxf4+ 40. Kg2 hxg4
41. hxg4 Qe7 42. Be2 Kg7 43. Bf3 Bg5 44. Kf1 Bh4 45. Rh2 Bb5 46. Ke2 Bd7 47.
Qh1 g5 48. Qd1 Qe8 49. Qh1 Rh8 50. Qb1 Qc8 51. Qg1 Qc6 52. Qd1 Qc8 53. Qg1 Be6
54. Rh1 Qd7 55. Kd2 Qb5 56. Qf1 Rc8 57. Qb1 Qd7 58. Qf1 1/2-1/2

[Event "SR 2. liga A 2007/2008"]
[Site "?"]
[Date "2008.01.12"]
[Round "7"]
[White "Vychodil, Michal"]
[Black "Kosegi, Marek"]
[Result "1-0"]
[WhiteElo "2074"]
[BlackElo "1954"]
[PlyCount "81"]
[EventDate "2007.??.??"]
[WhiteTeam "Doprastav C"]
[BlackTeam "Devinska"]

1. e4 c5 2. Nf3 Nc6 3. Bb5 e6 4. O-O Nge7 5. Re1 a6 6. Bxc6 Nxc6 7. d4 cxd4 8.
Nxd4 Bc5 9. Nb3 Ba7 10. c4 O-O 11. Be3 Bxe3 12. Rxe3 b6 13. Nc3 Bb7 14. Qd6 Qe7
15. Qc7 d5 16. Qxe7 Nxe7 17. exd5 Nf5 18. Re5 Rac8 19. dxe6 fxe6 20. Rxe6 Rxc4
21. Rxb6 Rc7 22. Rd1 Re8 23. h3 Rce7 24. Nc5 Ba8 25. Rxa6 Nh4 26. f3 Re5 27.
N5e4 Nf5 28. Kf2 Rb8 29. b3 Re7 30. Ra5 Nh4 31. Ra4 Ng6 32. Rad4 Ree8 33. Rd7
Ne5 34. Rc7 Rbd8 35. Rxd8 Rxd8 36. a4 Nd3+ 37. Kg3 Rb8 38. a5 h6 39. Na4 Kh7
40. Nb6 Bb7 41. Nf6+ 1-0

[Event "SR 2. liga A 2007/2008"]
[Site "?"]
[Date "2008.01.12"]
[Round "7.1"]
[White "Cvicela, Anton"]
[Black "Seitler, Andrej"]
[Result "0-1"]
[WhiteElo "2251"]
[BlackElo "2227"]
[PlyCount "100"]
[EventDate "2007.??.??"]

1. e4 c6 2. d4 d5 3. Nc3 dxe4 4. Nxe4 Nd7 5. Nf3 Ngf6 6. Nxf6+ Nxf6 7. Ne5 Bf5
8. c3 e6 9. g4 Bg6 10. h4 h5 11. Nxg6 fxg6 12. g5 Qd5 13. Rh3 Ng8 14. Bd3 Ne7
15. Qe2 Nf5 16. Bc4 Qg2 17. Bxe6 Kd8 18. Bxf5 gxf5 19. Qf3 Qg1+ 20. Ke2 Bd6 21.
Rh1 Qg4 22. Qxg4 fxg4 23. Be3 Rf8 24. Rad1 Kd7 25. c4 Rf5 26. Rd3 Re8 27. Rhd1
Rf3 28. c5 Bf4 29. d5 cxd5 30. Rxd5+ Kc6 31. Rd8 Rxd8 32. Rxd8 Bxe3 33. fxe3
Rf7 34. b4 g3 35. a4 Rf2+ 36. Ke1 Rb2 37. Rd6+ Kc7 38. Kf1 Rxb4 39. Rg6 Rxh4
40. Rxg7+ Kc6 41. Rh7 Rxa4 42. Rxh5 Rg4 43. Kg2 a5 44. e4 a4 45. e5 Kxc5 46. e6
Kd6 47. Rh7 Kxe6 48. Rxb7 Rxg5 49. Rb6+ Kd7 50. Ra6 Rg4 0-1

[Event "SR 2. liga A 2007/2008"]
[Site "?"]
[Date "2008.01.12"]
[Round "7.1"]
[White "Janos, Martin"]
[Black "Petrik, Stanislav"]
[Result "0-1"]
[WhiteElo "2262"]
[BlackElo "2223"]
[PlyCount "80"]
[EventDate "2007.??.??"]
[WhiteTeam "Doprastav D"]
[BlackTeam "Doprastav B"]

1. e4 c5 2. c4 Nc6 3. Nc3 e6 4. g3 Nf6 5. Bg2 d5 6. Nh3 dxc4 7. O-O e5 8. Qa4
Be7 9. Qxc4 O-O 10. Qe2 Nd4 11. Qd1 b6 12. d3 Ba6 13. f4 Nc6 14. Nd5 Nxd5 15.
exd5 Nb4 16. fxe5 Nxd5 17. a3 Qd7 18. Qb3 Rad8 19. Nf2 Nc7 20. Be4 Ne6 21. Be3
Ng5 22. Bxg5 Bxg5 23. Rfe1 Qd4 24. Kg2 Rfe8 25. h4 Bd2 26. Re2 Ba5 27. Rf1 c4
28. Qa2 cxd3 29. Nxd3 Bc4 30. b3 Bd5 31. Nf2 Qxe5 32. Kh2 Kh8 33. Bf3 Qf5 34.
Rxe8+ $2 $138 (34. Bxd5 $1 Rxe2 35. Qxe2 Qxd5 36. b4 $18) 34... Rxe8 35. Bxd5
Qxd5 36. Qc2 b5 37. b4 Bb6 38. Ng4 h5 39. Nf2 Qf3 40. Qd2 Re2 {cas} 0-1

[Event "SR 2. liga A 2007/2008"]
[Site "?"]
[Date "2008.01.12"]
[Round "7.1"]
[White "Pagerka, Martin"]
[Black "Petrik, Tomas"]
[Result "1/2-1/2"]
[WhiteElo "2099"]
[BlackElo "2489"]
[PlyCount "126"]
[EventDate "2007.??.??"]

{B07: Pirc Defence: Miscellaneous Systems} 1. d4 e6 2. c4 Nf6 3. Nf3 b6 4. g3
Ba6 5. Qc2 c5 6. Bg2 Bb7 7. O-O cxd4 8. Nxd4 Bxg2 9. Kxg2 Be7 10. Rd1 Qc7 11.
b3 a6 12. Ba3 Bxa3 13. Nxa3 O-O 14. Rac1 Rc8 15. f3 d6 16. Nb1 Nbd7 17. Nc3 Qb7
18. Qd2 Ne5 19. Nc2 Rd8 20. e4 h6 21. Qe3 Rac8 22. Rd2 b5 23. cxb5 axb5 24. Nb4
Nc6 25. Nd3 d5 26. Nc5 Qb6 27. Ne2 dxe4 28. Rxd8+ Nxd8 29. fxe4 b4 30. Qf2 Ng4
31. Qd4 e5 32. Qg1 Ra8 33. Na4 Qb7 34. Rc4 Ne6 35. h3 Nf6 36. Qe3 Kh7 37. Ng1
Rc8 38. Qb6 Qa8 39. Qxb4 Rxc4 40. Qxc4 Nxe4 41. Qd3 f5 42. Nf3 N4g5 43. h4 e4
44. Nxg5+ hxg5 45. Qe2 f4 46. Qg4 f3+ 47. Kh3 Nd4 48. Nb6 Qf8 49. Qxe4+ Kh8 50.
Nd7 Qf7 51. Ne5 Qe6+ 52. Kh2 f2 53. Kg2 Qf6 54. Ng6+ Kg8 55. Qe8+ Kh7 56. Nf8+
Kh6 57. hxg5+ Qxg5 58. Qf7 Nf5 59. Qe6+ g6 60. Qxg6+ Qxg6 61. Nxg6 Nxg3 62.
Kxf2 Ne4+ 63. Ke3 Nc3 1/2-1/2

[Event "SR 2. liga A 2007/2008"]
[Site "?"]
[Date "2008.01.12"]
[Round "7.2"]
[White "Abel, Peter"]
[Black "Skreno, Vladimir"]
[Result "1/2-1/2"]
[WhiteElo "2205"]
[BlackElo "2062"]
[PlyCount "31"]
[EventDate "2007.??.??"]

1. c4 Nf6 2. Nc3 g6 3. g3 Bg7 4. Bg2 c6 5. e4 d6 6. d4 O-O 7. Nge2 e5 8. O-O
Re8 9. b3 Na6 10. d5 Nc7 11. Qd3 cxd5 12. cxd5 b5 13. Nxb5 Ba6 14. a4 Qd7 15.
Nec3 Reb8 16. Be3 1/2-1/2

[Event "SR 2. liga A 2007/2008"]
[Site "?"]
[Date "2008.01.12"]
[Round "7.2"]
[White "Biro, Karol"]
[Black "Magyar, Frantisek"]
[Result "1-0"]
[WhiteElo "2188"]
[BlackElo "2031"]
[PlyCount "69"]
[EventDate "2007.??.??"]
[WhiteTeam "Doprastav B"]
[BlackTeam "Doprastav D"]

1. c4 Nf6 2. g3 g6 3. Bg2 c5 4. Nc3 Nc6 5. e3 Bg7 6. Nge2 O-O 7. d4 d6 8. O-O
Rb8 9. h3 Na5 10. b3 b6 11. e4 cxd4 12. Nxd4 Bb7 13. Be3 Nc6 14. Qd2 Re8 15.
Rfe1 Qd7 16. Rad1 Ba8 17. Kh2 Rbd8 18. Nxc6 Bxc6 19. Bh6 Bxh6 20. Qxh6 e5 21.
Rd3 Re7 22. f3 Ne8 23. h4 Ng7 24. Bh3 Qc7 25. Red1 Ne6 26. Bxe6 Rxe6 27. g4 Qe7
28. Kh3 Rf6 29. Kg3 Re6 30. Nd5 Qd7 31. Qd2 Bxd5 32. Rxd5 Kg7 33. b4 Rc8 34. c5
bxc5 35. bxc5 1-0

[Event "SR 2. liga A 2007/2008"]
[Site "?"]
[Date "2008.01.12"]
[Round "7.2"]
[White "Vass, Frantisek"]
[Black "Gasa, Andrej"]
[Result "1-0"]
[WhiteElo "2417"]
[BlackElo "2214"]
[PlyCount "53"]
[EventDate "2007.??.??"]

{B07: Pirc Defence: Miscellaneous Systems} 1. d4 d5 2. Nf3 c6 3. Bg5 Nf6 4.
Nbd2 Nbd7 5. e3 e6 6. Bd3 Be7 7. O-O O-O 8. Qe2 Re8 9. e4 dxe4 10. Bxe4 h6 11.
Bf4 Nxe4 12. Nxe4 Nf6 13. Rad1 b6 14. Ne5 Bb7 15. Nxf6+ Bxf6 16. Qg4 Bg5 17.
Qh5 Rf8 18. Be3 Bxe3 19. fxe3 Qg5 20. Qf3 f6 21. h4 Qf5 22. Qg3 Qxc2 23. Rc1
Qxb2 24. Nc4 Qb4 25. Nd6 Ba6 26. Rxc6 Qa5 27. Qg6 1-0

[Event "SR 2. liga A 2007/2008"]
[Site "?"]
[Date "2008.01.12"]
[Round "7.3"]
[White "Cibicek, Jozef"]
[Black "Gazi, Mikulas"]
[Result "1-0"]
[WhiteElo "1994"]
[BlackElo "2184"]
[PlyCount "81"]
[EventDate "2007.??.??"]
[WhiteTeam "Doprastav D"]
[BlackTeam "Doprastav B"]

1. e4 c5 2. Nf3 g6 3. d4 cxd4 4. Nxd4 Bg7 5. Be3 Nf6 6. Nc3 O-O 7. Be2 Nc6 8.
Nxc6 bxc6 9. e5 Ne8 10. f4 f6 11. Bc4+ Kh8 12. O-O d5 13. exd6 Nxd6 14. Be2 Qa5
15. Rb1 Be6 16. Bf3 Nf5 17. Qe2 Bc4 18. Qxc4 Nxe3 19. Qxc6 Nxf1 20. Rxf1 f5 21.
Qe6 Rab8 22. Nd5 Rxb2 23. h4 Rxa2 24. h5 gxh5 25. Nxe7 Rxc2 26. Kh2 Qb6 27. Nc6
Qc7 28. Ne5 Qd8 29. Kg3 Bxe5 30. fxe5 Qg5+ 31. Kh2 Rg8 32. Qf6+ Qxf6 33. exf6
Rf8 34. Ra1 Rc7 35. Ra6 Rb8 36. Re6 h4 37. Bh5 Kg8 38. Re7 Rbc8 39. f7+ Kf8 40.
Re8+ Kg7 41. f8=Q# 1-0

[Event "SR 2. liga A 2007/2008"]
[Site "?"]
[Date "2008.01.12"]
[Round "7.3"]
[White "Krajcovic, Branislav"]
[Black "Mihalik, Marek"]
[Result "0-1"]
[WhiteElo "2093"]
[BlackElo "2111"]
[PlyCount "84"]
[EventDate "2007.??.??"]

1. e4 c5 2. Nf3 d6 3. d4 cxd4 4. Nxd4 Nf6 5. Nc3 a6 6. f4 e5 7. Nf3 Qc7 8. Bd3
Be7 9. a4 O-O 10. O-O Be6 11. Kh1 Nbd7 12. Qe2 exf4 13. Bxf4 Ne5 14. Rae1 Rfe8
15. Bg5 h6 16. Nxe5 dxe5 17. Bxf6 Bxf6 18. Qh5 Bg5 19. Nd5 Qd7 20. Nb6 Bg4 21.
Qxg5 hxg5 22. Nxd7 Bxd7 23. Bc4 Re7 24. b3 Rc8 25. Rf2 Bxa4 26. Rf5 Bb5 27. Bd5
Rxc2 28. Rxg5 Bc6 29. Bxc6 Rxc6 30. Kg1 Rc3 31. Rb1 Re3 32. Rg4 Rd7 33. b4 Rd4
34. b5 a5 35. Rc1 Rb3 36. Rc8+ Kh7 37. Rc7 Rd1+ 38. Kf2 Rd2+ 39. Ke1 Ra2 40.
Kd1 Rb1+ 41. Rc1 Rxb5 42. h3 Rbb2 0-1

[Event "SR 2. liga A 2007/2008"]
[Site "?"]
[Date "2008.01.12"]
[Round "7.3"]
[White "Polasek, Filip"]
[Black "Farkas, Gabor"]
[Result "1/2-1/2"]
[WhiteElo "2102"]
[BlackElo "2333"]
[PlyCount "112"]
[EventDate "2007.??.??"]

{B07: Pirc Defence: Miscellaneous Systems} 1. e4 e5 2. Nf3 Nc6 3. Nc3 Be7 4.
Bb5 d6 5. d4 exd4 6. Nxd4 Bd7 7. O-O Nxd4 8. Bxd7+ Qxd7 9. Qxd4 Bf6 10. Qd3 Ne7
11. f4 Nc6 12. Nd5 Bd4+ 13. Be3 Bxe3+ 14. Qxe3 O-O-O 15. b4 Kb8 16. c4 Rhe8 17.
b5 Ne7 18. Qd4 Nxd5 19. exd5 Qg4 20. Rae1 g6 21. Qf6 Qf5 22. Qxf5 gxf5 23. Kf2
c6 24. a4 cxd5 25. cxd5 Kc7 26. Rc1+ Kd7 27. Rc4 Rc8 28. Rfc1 Rc5 29. Rxc5 dxc5
30. Rxc5 Re4 31. b6 axb6 32. Rb5 Rxf4+ 33. Ke3 Re4+ 34. Kf3 Kc7 35. d6+ Kxd6
36. Rxb6+ Kc7 37. Rf6 Rxa4 38. Rxf5 Rh4 39. Rxf7+ Kc6 40. h3 b5 41. Rf5 b4 42.
Ke3 b3 43. Kd3 Rb4 44. Rf1 Kd5 45. Kc3 Rb7 46. Kb2 Ke4 47. g4 Rb6 48. h4 Rd6
49. Kxb3 Rh6 50. h5 Rb6+ 51. Kc4 h6 52. Kc5 Ra6 53. Rf2 Ke5 54. Rf8 Ra5+ 55.
Kb6 Ra4 56. Rh8 Rxg4 1/2-1/2